| 000 -CABECERA |
| Longitud fija campo de control |
00573nam a2200205 a 4500 |
| 001 - NÚMERO DE CONTROL |
| Número de control |
2380 |
| 003 - IDENTIFICADOR DEL NÚMERO DE CONTROL |
| Identificador del número de control |
CDMR |
| 005 - FECHA Y HORA DE LA ÚLTIMA TRANSACCIÓN |
| Fecha y hora de la última transacción |
20151019135402.0 |
| 008 - CÓDIGOS DE INFORMACIÓN DE LONGITUD FIJA |
| Códigos de información de longitud fija |
130130s1970||||||||||||||||||||||||||||d |
| 040 ## - FUENTE DE LA CATALOGACIÓN |
| Centro catalogador de origen |
CDMR |
| Lengua de catalogación |
cat |
| Centro transcriptor |
CDMR |
| 100 1# - PUNTO DE ACCESO PRINCIPAL-NOMBRE DE PERSONA |
| Nombre de persona |
Arias Ruiz, Aníbal |
| 9 (RLIN) |
1731 |
| 245 13 - MENCIÓN DE TÍTULO |
| Título |
La televisión española |
| Mención de responsabilidad, etc. |
Anibal Arias Ruiz |
| 260 ## - PUBLICACIÓN, DISTRIBUCIÓN, ETC. (PIE DE IMPRENTA) |
| Lugar de publicación, distribución, etc. |
Madrid |
| Fecha de publicación, distribución, etc. |
1970 |
| Nombre del editor, distribuidor, etc. |
Publicaciones Españolas |
| 300 ## - DESCRIPCIÓN FÍSICA |
| Extensión |
82 p. |
| 490 0# - MENCIÓN DE SERIE |
| Mención de serie |
Temas Españoles |
| Designación de volumen o secuencia |
507 |
| 650 04 - PUNTO DE ACCESO ADICIONAL DE MATERIA - TÉRMINO DE MATERIA |
| 9 (RLIN) |
1116 |
| Término de materia o nombre geográfico como elemento inicial |
Televisió |
| Subdivisión de materia general |
Història |
| 650 04 - PUNTO DE ACCESO ADICIONAL DE MATERIA - TÉRMINO DE MATERIA |
| 9 (RLIN) |
1780 |
| Término de materia o nombre geográfico como elemento inicial |
Televisió |
| Subdivisión geográfica |
Espanya |
| 610 2# - PUNTO DE ACCESO ADICIONAL DE MATERIA - NOMBRE DE ENTIDAD CORPORATIVA |
| 9 (RLIN) |
2814 |
| Nombre de entidad corporativa o nombre de jurisdicción como elemento inicial |
Televisión Española |
| 942 ## - ENTRADA DE ELEMENTOS AGREGADOS (KOHA) |
| Koha [por defecto] tipo de item |
Monografies |
| Fuente de clasificaión o esquema |
|